Statistiques concernant Formes des pays sur la carte du monde n°1

Cliquez ici pour prendre le quiz!

Statistiques générales

  • Ce quiz a été pris 6,573 fois
  • Le résultat moyen est 18 sur 20

Statistiques - réponses

Pays % Correct
Mexique
100%
Suède
99%
Suisse
98%
Mongolie
97%
Pologne
96%
Uruguay
94%
Nouvelle-Zélande
94%
Venezuela
93%
Cuba
93%
Paraguay
93%
Roumanie
92%
Thaïlande
90%
Oman
87%
Éthiopie
85%
Mauritanie
85%
Papouasie-Nouvelle-Guinée
84%
Afghanistan
83%
Tchad
82%
Angola
81%
Azerbaïdjan
74%

Distribution des résultats

Percentile by Number Answered

% des personnes avec chaque résultat

Votre développement - résultats

Vous n’avez pas pris ce quiz